000 00725nam a22001937a 4500
005 20240212141445.0
008 s2551 th tha d
020 _a9789747814880
040 _aNALT
041 _atha
090 _aKS 106 จ638อ 2551
100 0 _aจุมพล ภิญโญสินวัฒน์
245 1 0 _aอะไรเอ่ย (?)...ลิขสิทธิ์
260 3 _aกรุงเทพฯ :
_bฐานบุ๊คส์,
_c2551
300 _a142 หน้า :
_b ภาพประกอบ ;
_c 21 ซม.
650 0 4 _aลิขสิทธิ์ -- กฎหมายและระเบียบข้อบังคับ
850 _aNALT
942 _cLB
_01
_2lcc
999 _c60973
_d60973
998 _j4574
_k นักศึกษาฝึกงาน-01